000 00789nam a22002417a 4500
999 _c14095
_d14095
001 D-628
003 BT-SaRUSC
005 20180919133125.0
008 131225b xxu||||| |||| 00| 0 eng d
020 _a0-08-031306-X
082 0 4 _a370.1523
_bCHI
100 1 _aChilver Peter.
245 1 0 _aLearning and language in the classroom :
_bDiscursive talking and writing across the curriculum /
_cPeter Chilver and Gerard Gould.
260 _aOxford :
_bPergamon Press,
_c1982.
300 _a153 p. :
_bill. ;
_c22 cm.
504 _aIncludes bibliographical references and index.
650 1 0 _aForums (Discussion and debate)
650 1 0 _aLanguage arts (Elementary)
650 1 0 _aLanguage and education
700 1 _aGould Gerard.
942 _cBK